000 00299nam a22001337a 4500
008 190205b xxu||||| |||| 00| 0 eng d
020 _a0679302611
041 _aeng
080 _a341
100 _a19
101 _aSHP
245 _aThe Politics & Society Reader
_cKatznelson, I
942 _2udc
_cBK
999 _c53956
_d53956